000 00491nam a2200145 4500
999 _c10186
_d10186
008 180804b ||||| |||| 00| 0 eng d
022 _a2094-8042
082 _aDPer 370.105 M72 June 2010-Mar 2011 v. 59 n. 1-10
100 _930061
_aJunio, Rowena C.
245 _aAtin-atin lamang 'to!!!/
_cRowena C. Junio.
260 _aPhilippines;
_bIn The Grade School, Inc.,
_cc2010-2011.
300 _av59 n10, page 432:
_billustrations;
_c27cm.
650 0 _930062
_aShort stories.
942 _2ddc
_cPER